Загрузка...

Locally compact groups

Библиографические подробности
Главный автор: Stroppel, Markus
Формат: Printed Book
Опубликовано: European Mathematical society 2006
Предметы:
LEADER 00469nam a2200169 4500
082 |a R 512.2 STR-L 
100 |a Stroppel, Markus 
245 |a Locally compact groups 
250
260 |a European Mathematical society  |c 2006 
300
490
650 |a Groups-- Algebra-- Mathematics 
700
942 |c BK 
999 |c 205560  |d 205560 
952 |0 0  |1 0  |4 0  |6 R_512_200000000000000_STRL  |7 0  |9 218909  |a MAT  |b MAT  |l 0  |o R 512.2 STR-L  |p MAT6879  |r 2019-11-01  |w 2019-11-01  |y BK